NHL #1 Draft Picks (1970-2023) - Statistics

General Stats
  • This quiz has been taken 64 times
  • The average score is 20 of 54
Answer Stats
Year Answer % Correct
2015 Connor McDavid
91%
2023 Connor Bedard
87%
2016 Auston Matthews
83%
2004 Alexander Ovechkin
80%
2005 Sidney Crosby
80%
2019 Jack Hughes
78%
2007 Patrick Kane
67%
2022 Juraj Slafkovsky
65%
2013 Nathan MacKinnon
65%
2010 Taylor Hall
65%
2009 John Tavares
63%
1984 Mario Lemieux
61%
2012 Nail Yakupov
61%
2021 Owen Power
61%
2018 Rasmus Dahlin
61%
2017 Nico Hischier
59%
2011 Ryan Nugent-Hopkins
59%
2008 Steven Stamkos
59%
2020 Alexis Lafreniere
54%
2003 Marc-Andre Fleury
52%
2014 Aaron Ekblad
48%
2001 Ilya Kovalchuk
46%
1991 Eric Lindros
41%
2006 Erik Johnson
39%
1971 Guy Lafleur
39%
1997 Joe Thornton
37%
2002 Rich Nash
37%
1998 Vincent Lecavalier
35%
1999 Patrik Stefan
33%
1993 Alexandre Daigle
24%
1989 Mats Sundin
22%
1988 Mike Modano
22%
1985 Wendel Clark
22%
1973 Denis Potvin
15%
1978 Bobby Smith
13%
1981 Dale Hawerchuk
13%
1995 Bryan Berard
11%
1996 Chris Phillips
11%
1980 Doug Wickenheiser
11%
1970 Gilbert Perreault
11%
1990 Owen Nolan
11%
2000 Rick DePietro
11%
1983 Brian Lawton
9%
1994 Ed Jovanovski
7%
1986 Joe Murphy
7%
1987 Pierre Turgeon
7%
1974 Greg Joly
4%
1979 Rob Ramage
4%
1972 Billy Harris
2%
1977 Dale McCourt
2%
1982 Gord Kluzak
2%
1975 Mel Bridgman
2%
1976 Rick Green
2%
1992 Roman Hamrlik
2%
No matching quizzes found
Score Distribution
Percent of People with Each Score
Percentile by Number Answered
Your Score History
You have not taken this quiz